[Event "GER-ch50 V06 email"]
[Site "GER email"]
[Date "2018.05.15"]
[Round "?"]
[White "Hamann, Henner"]
[Black "Hoebel, Hartmut"]
[Result "1/2-1/2"]
[WhiteElo "2317"]
[BlackElo "2348"]
[PlyCount "51"]
[EventDate "2018.??.??"]
[EventType "tourn (corr)"]
[EventRounds "10"]
[EventCountry "GER"]
[SourceTitle "Corr 2020"]
[Source "ChessBase"]
[SourceDate "2019.09.30"]
[SourceVersion "1"]
[SourceVersionDate "2019.09.30"]
[SourceQuality "1"]

1. e4 e6 2. d4 d5 3. Nc3 Nf6 4. Bg5 Be7 5. e5 Nfd7 6. h4 Bxg5 7. hxg5 Qxg5 8. Nb5 Qd8 9. Qg4 g6 10. Nf3 a6 11. Nc3 Qe7 12. Qf4 b5 13. 0-0-0 Nc6 14. Rh6 Bb7 15. Ng5 0-0-0 16. Rxh7 Rxh7 17. Nxh7 f6 18. Nxf6 Rf8 19. g3 Nxf6 20. exf6 Rxf6 21. Qe3 g5 22. Qxg5 Rxf2 23. Qxe7 Nxe7 24. Bh3 Rf6 25. Ne2 Kd7 26. Nf4 1/2-1/2

[Event "GER-ch50 V06 email"]
[Site "GER email"]
[Date "2018.05.15"]
[Round "?"]
[White "Hoebel, Hartmut"]
[Black "Balzert, Antonius"]
[Result "1/2-1/2"]
[WhiteElo "2348"]
[BlackElo "2316"]
[PlyCount "55"]
[EventDate "2018.??.??"]
[EventType "tourn (corr)"]
[EventRounds "10"]
[EventCountry "GER"]
[SourceTitle "Corr 2020"]
[Source "ChessBase"]
[SourceDate "2019.09.30"]
[SourceVersion "1"]
[SourceVersionDate "2019.09.30"]
[SourceQuality "1"]

1. d4 Nf6 2. c4 e6 3. g3 d5 4. Nf3 Bb4+ 5. Bd2 Be7 6. Bg2 0-0 7. 0-0 c6 8. Qc2 Nbd7 9. Rd1 b6 10. b3 a5 11. Bc3 Bb7 12. Nbd2 Qc7 13. Rac1 Rfd8 14. Bb2 Qb8 15. e4 Nxe4 16. Nxe4 dxe4 17. Qxe4 c5 18. Qe2 Bf6 19. Bc3 h6 20. Rc2 Nf8 21. h3 Ng6 22. dxc5 Rxd1+ 23. Qxd1 Bxc3 24. c6 Bxc6 25. Rxc3 Qc7 26. Rd3 b5 27. cxb5 Bxb5 28. Rd2 1/2-1/2

[Event "GER-ch50 V06 email"]
[Site "GER email"]
[Date "2018.05.15"]
[Round "?"]
[White "Hoebel, Hartmut"]
[Black "Tiemann, Hagen"]
[Result "1-0"]
[WhiteElo "2348"]
[BlackElo "2301"]
[PlyCount "165"]
[EventDate "2018.??.??"]
[EventType "tourn (corr)"]
[EventRounds "10"]
[EventCountry "GER"]
[SourceTitle "Corr 2020"]
[Source "ChessBase"]
[SourceDate "2019.09.30"]
[SourceVersion "1"]
[SourceVersionDate "2019.09.30"]
[SourceQuality "1"]

1. d4 Nf6 2. c4 g6 3. Nc3 Bg7 4. e4 d6 5. Nf3 0-0 6. Be2 e5 7. 0-0 Nc6 8. d5 Ne7 9. Ne1 Nd7 10. Be3 f5 11. f3 f4 12. Bf2 g5 13. Rc1 Ng6 14. c5 Nxc5 15. b4 Na6 16. Nd3 Rf7 17. Nb5 Bd7 18. a4 h5 19. Nxa7 Bf8 20. Nb5 Rg7 21. Kh1 Nh4 22. Rg1 Be7 23. Nc3 g4 24. fxg4 hxg4 25. g3 f3 26. gxh4 fxe2 27. Qxe2 Bxh4 28. Rcf1 Bxf2 29. Rxf2 Qh4 30. Rfg2 b6 31. Nd1 Kf7 32. Ne3 Rh8 33. Rg3 Ke7 34. R1g2 Rf7 35. Nxg4 Rhf8 36. h3 Kd8 37. a5 bxa5 38. bxa5 Bb5 39. Qe3 Kc8 40. Kh2 Rf1 41. Ne1 Nc5 42. Nf3 Qe7 43. Rb2 Bd3 44. Nf2 Bc4 45. Ng5 Ra1 46. Qd2 Ba6 47. Qc3 Rf1 48. Rf3 Rxf3 49. Qxf3 Qxg5 50. Qf8+ Kd7 51. Qf7+ Kc8 52. Qe8+ Qd8 53. Rb8+ Kxb8 54. Qxd8+ Kb7 55. Qh4 Rc1 56. Qh6 Rc2 57. Kg3 Rc3+ 58. Kh4 Rf3 59. Qd2 Bb5 60. Kh5 Rf4 61. Kh6 Ka6 62. Kg7 Rh4 63. Qg5 Rf4 64. Ng4 Nxe4 65. Qe7 Kb7 66. Nh6 Ng3 67. Kh8 Nf5 68. Nxf5 Rxf5 69. h4 Rf3 70. Qg7 Rc3 71. Qg4 Ka6 72. Qb4 Rc5 73. h5 Rxd5 74. h6 Rd4 75. Qc3 c5 76. h7 Bd3 77. Kg7 Bxh7 78. Kxh7 e4 79. Kg6 Rb4 80. Kf5 Kxa5 81. Qd2 Kb5 82. Qxd6 Rd4 83. Qb8+ 1-0

[Event "GER MS-269 email"]
[Site "GER email"]
[Date "2017.09.08"]
[Round "?"]
[White "Hoebel, Hartmut"]
[Black "Vieth, Martin"]
[Result "1-0"]
[WhiteElo "2094"]
[BlackElo "1929"]
[PlyCount "24"]
[EventDate "2017.09.14"]
[EventType "tourn (corr)"]
[EventRounds "6"]
[EventCountry "GER"]
[SourceTitle "Corr 2020"]
[Source "ChessBase"]
[SourceDate "2019.09.30"]
[SourceVersion "1"]
[SourceVersionDate "2019.09.30"]
[SourceQuality "1"]

1. d4 g6 2. c4 Bg7 3. Nc3 d6 4. e4 e5 5. d5 Nd7 6. Bd3 c6 7. Bc2 cxd5 8. Qxd5 Nc5 9. Qd1 Ne7 10. Nge2 0-0 11. 0-0 Ne6 12. Be3 b6 1-0

[Event "GER MS-254 email"]
[Site "GER email"]
[Date "2017.01.14"]
[Round "?"]
[White "Maetzig, Ralf"]
[Black "Hoebel, Hartmut"]
[Result "1/2-1/2"]
[WhiteElo "2078"]
[BlackElo "2058"]
[PlyCount "69"]
[EventDate "2017.01.20"]
[EventType "tourn (corr)"]
[EventRounds "6"]
[EventCountry "GER"]
[SourceTitle "Corr 2020"]
[Source "ChessBase"]
[SourceDate "2019.09.30"]
[SourceVersion "1"]
[SourceVersionDate "2019.09.30"]
[SourceQuality "1"]

1. Nf3 Nf6 2. g3 d5 3. Bg2 c6 4. 0-0 Bf5 5. c4 e6 6. cxd5 exd5 7. d3 Be7 8. Qb3 Qb6 9. Qc2 0-0 10. Nc3 Na6 11. a3 Nc5 12. b4 Ne6 13. Na4 Qd8 14. Bb2 Re8 15. Rfe1 a5 16. Nc5 axb4 17. axb4 Qb6 18. Bxf6 Bxf6 19. Nd7 Qxb4 20. Rab1 Qe7 21. Rxb7 Ba1 22. e3 g6 23. Rc1 Nd8 24. Rbb1 Bg7 25. Nc5 Ne6 26. Nxe6 Bxe6 27. Rb6 c5 28. h4 Bf6 29. Qxc5 Rec8 30. Rc6 Rxc6 31. Qxc6 Rc8 32. Qxc8+ Bxc8 33. Rxc8+ Kg7 34. d4 Qb7 35. Rc3 1/2-1/2

[Event "GER MS-235 email"]
[Site "GER email"]
[Date "2016.02.01"]
[Round "?"]
[White "Hoebel, Hartmut"]
[Black "Packroff, Hermann"]
[Result "1/2-1/2"]
[WhiteElo "2058"]
[BlackElo "2013"]
[PlyCount "60"]
[EventDate "2016.02.05"]
[EventType "tourn (corr)"]
[EventRounds "6"]
[EventCountry "GER"]
[SourceTitle "Corr 2020"]
[Source "ChessBase"]
[SourceDate "2019.09.30"]
[SourceVersion "1"]
[SourceVersionDate "2019.09.30"]
[SourceQuality "1"]

1. d4 Nf6 2. c4 g6 3. Nc3 d5 4. Nf3 Bg7 5. Qb3 dxc4 6. Qxc4 0-0 7. e4 a6 8. Be2 b5 9. Qb3 c5 10. dxc5 Bb7 11. e5 Nfd7 12. Be3 e6 13. 0-0 Qc7 14. Rad1 Nxe5 15. Nxe5 Bxe5 16. f4 Bg7 17. a4 bxa4 18. Nxa4 Nc6 19. Rd6 Ne7 20. Rfd1 Bd5 21. Qb6 Qxb6 22. Rxb6 Bc6 23. b3 a5 24. Bf2 Bf6 25. Rd6 Bd5 26. Bc4 Be4 27. Rd1 Rfd8 28. Rbd6 Nf5 29. Rxd8+ Rxd8 30. Rxd8+ Bxd8 1/2-1/2

[Event "GER MS-235 email"]
[Site "GER email"]
[Date "2016.02.01"]
[Round "?"]
[White "Milde, Lars"]
[Black "Hoebel, Hartmut"]
[Result "1/2-1/2"]
[WhiteElo "2133"]
[BlackElo "2058"]
[PlyCount "80"]
[EventDate "2016.02.05"]
[EventType "tourn (corr)"]
[EventRounds "6"]
[EventCountry "GER"]
[SourceTitle "Corr 2020"]
[Source "ChessBase"]
[SourceDate "2019.09.30"]
[SourceVersion "1"]
[SourceVersionDate "2019.09.30"]
[SourceQuality "1"]

1. e4 e6 2. d4 d5 3. Nc3 Nf6 4. e5 Nfd7 5. f4 c5 6. Nf3 Nc6 7. Be3 a6 8. Qd2 b5 9. dxc5 Bxc5 10. Bd3 Qb6 11. Bf2 Bb7 12. 0-0 0-0 13. a3 h6 14. Rae1 b4 15. Na4 Bxf2+ 16. Rxf2 Qa5 17. b3 bxa3 18. Qxa5 Nxa5 19. Ra1 Nc6 20. Rxa3 f6 21. exf6 Rxf6 22. Re2 Kf7 23. Rf2 Ke7 24. g3 Raf8 25. Nh4 Rc8 26. Bg6 Kd6 27. Rd2 Kc7 28. c3 Rd8 29. Bc2 e5 30. Nf5 exf4 31. gxf4 g6 32. Ne3 Ne7 33. Ng2 Rg8 34. Ra1 Bc6 35. Re1 Nf5 36. h4 Ng7 37. Nb2 Ne6 38. Nd3 d4 39. c4 a5 40. b4 axb4 1/2-1/2